| 000 | 01935nam0a22003611 4500 | ||
|---|---|---|---|
| 001 | rc\4595006 | ||
| 005 | 20260407094718.0 | ||
| 021 |
_aRU _b[63-68774] |
||
| 035 | _a(NLR Aleph) 008663753 | ||
| 090 |
_a9077560 _c9077560 |
||
| 100 | _a20130416d1963 |||y0rusy50 ca | ||
| 101 | 0 | _arus | |
| 102 | _aRU | ||
| 105 | _aa z ||||| | ||
| 200 | 1 |
_aМетоды агрохимических, агрофизических и микробиологических исследований в поливных хлопковых районах _e[Руководство _fРед. коллегия: М.А. Белоусов (отв. ред.) и др.] _gМ-во сел. хозяйства УзССР. Всесоюз. ордена Ленина науч.-исслед. ин-т по хлопководству "СоюзНИХИ" |
|
| 205 | _a3-е изд., перераб. и доп. | ||
| 210 |
_aТашкент _cБ. и. _d1963 |
||
| 215 |
_a439 с. _cил. _d22 |
||
| 300 | _a4-е изд. вышло под загл.: Методы агрохимических анализов почв Средней Азии | ||
| 300 | _aАвт. глав и разделов: Б.П. Мачигин, П.В. Протасов, И.В. Тюрина и др. | ||
| 320 | _aБиблиогр. в конце глав и разделов | ||
| 517 | 0 | _aМетоды агрохимических анализов почв Средней Азии | |
| 606 |
_aХлопководство _xАгрохимические исследования _2psbo |
||
| 701 | 1 |
_aМачигин _bБ.П. |
|
| 701 | 1 |
_aПротасов _bП.В. |
|
| 701 | 1 |
_aТюрина _bИ.В. |
|
| 702 | 1 |
_aБелоусов _bМ.А. _gМихаил Александрович _4340 |
|
| 712 | 0 | 2 |
_aВНИИ хлопководства _cТашкент _3RU\NLR\AUTH\889920846 _9337876 |
| 801 | 0 |
_aRU _bNLR _gpsbo |
|
| 801 | 1 |
_aRU _bELAR _2rusmarc |
|
| 852 |
_aNLR _j63-5/4535 |
||
| 942 | _cBOOK | ||
| 980 | _aNB | ||